<?xml version="1.0" encoding="UTF-8"?>
<record
    xmlns:xsi="http://www.w3.org/2001/XMLSchema-instance"
    xsi:schemaLocation="http://www.loc.gov/MARC21/slim http://www.loc.gov/standards/marcxml/schema/MARC21slim.xsd"
    xmlns="http://www.loc.gov/MARC21/slim">

  <leader>00241nam a22000977a 4500</leader>
  <controlfield tag="005">20140624124436.0</controlfield>
  <controlfield tag="008">140624b        xxu||||| |||| 00| 0 eng d</controlfield>
  <datafield tag="100" ind1=" " ind2=" ">
    <subfield code="a">Dugopolski, Mark</subfield>
  </datafield>
  <datafield tag="245" ind1=" " ind2=" ">
    <subfield code="a">Algebra</subfield>
    <subfield code="b">For College Student</subfield>
  </datafield>
  <datafield tag="942" ind1=" " ind2=" ">
    <subfield code="2">lcc</subfield>
    <subfield code="c">BK</subfield>
  </datafield>
  <datafield tag="999" ind1=" " ind2=" ">
    <subfield code="c">120278</subfield>
    <subfield code="d">120278</subfield>
  </datafield>
  <datafield tag="952" ind1=" " ind2=" ">
    <subfield code="0">0</subfield>
    <subfield code="1">0</subfield>
    <subfield code="2">lcc</subfield>
    <subfield code="4">0</subfield>
    <subfield code="a">CL</subfield>
    <subfield code="b">CL</subfield>
    <subfield code="c">GC</subfield>
    <subfield code="d">2014-06-24</subfield>
    <subfield code="e">Library Fund</subfield>
    <subfield code="l">4</subfield>
    <subfield code="m">13</subfield>
    <subfield code="o">QA 152.2 .D867 2010</subfield>
    <subfield code="p">c15178</subfield>
    <subfield code="r">2018-05-15 00:00:00</subfield>
    <subfield code="s">2015-07-29</subfield>
    <subfield code="w">2014-06-24</subfield>
    <subfield code="y">BK</subfield>
    <subfield code="z">rmc</subfield>
  </datafield>
</record>
